SpongeBob Trivia (Character) - Statistics

General Stats
  • This quiz has been taken 53 times
  • The average score is 8 of 17
Answer Stats
Hint Answer % Correct
He one of the French Narrator's favorite creatures. True/False True
74%
What is his job, at the Krusty Krab? Fry cook
71%
What kind of fruit is his house? Pineapple
71%
What were his first words, said when he was a fetus? Krabby Patty!
67%
What is his favorite hobby? Jellyfishing, or blowing bubbles
64%
Who is his voice actor? Tom Kenny
64%
What species of animal is he, as confirmed in the musical? Aplysina Fistularis
60%
What is his sexuality, confirmed by Stephen Hillenburg? Asexual
55%
What neurodivergence has the above confirmed SpongeBob having? Autism
50%
What episode was his first appearance in? "Help Wanted"
50%
What was his prototype's name? SpongeBoy
38%
What is his horoscope? Cancer
24%
About how many holes does he have? Forty
24%
What sauce does he hate? Hot sauce
24%
Why does he always fail his driver's test? Anxiety
17%
In The Spongebob Musical, what is his opening number? Bikini Bottom Day
10%
What kind of lifeform was named after him? Fungus
7%
No matching quizzes found
Score Distribution
Percent of People with Each Score
Percentile by Number Answered
Your Score History
You have not taken this quiz